000 00343nam a2200109Ia 4500
008 221102s9999 xx 000 0 und d
041 _ahin
082 _b जह
100 _aजहागीरदार द . व्य .
245 _aसुनीता विल्लम्स
260 _bसाकेत प्रकाशन
_c1905-07-06
999 _c82226
_d82226